ERÓSZ - a Szép iránti szerelem fokozatai a Lakoma és a Phaidrosz alapján /

Elmentve itt :
Bibliográfiai részletek
Szerző: Mészáros Aliz
Dokumentumtípus: Cikk
Megjelent: 1999
Sorozat:Különbség 6 No. 10
Kulcsszavak:Filozófia
Tárgyszavak:
Online Access:http://acta.bibl.u-szeged.hu/8447
LEADER 00724nab a2200205 i 4500
001 acta8447
005 20251013082719.0
008 161015s1999 hu o 000 hun d
022 |a 1785-7821 
040 |a SZTE Egyetemi Kiadványok Repozitórium  |b hun 
041 |a hun 
100 1 |a Mészáros Aliz 
245 1 0 |a ERÓSZ - a Szép iránti szerelem fokozatai   |h [elektronikus dokumentum] :  |b a Lakoma és a Phaidrosz alapján /  |c  Mészáros Aliz 
260 |c 1999 
300 |a 34-51 
490 0 |a Különbség  |v 6 No. 10 
650 4 |a Bölcsészettudományok 
650 4 |a Filozófia, etika és vallástudományok 
695 |a Filozófia 
856 4 0 |u http://acta.bibl.u-szeged.hu/8447/1/kulonbseg_1999_010_034-051.pdf  |z Dokumentum-elérés